000
00295nam a2200133Ia 4500
008
230312s9999||||xx |||||||||||||| ||und||
082
_a
612
_b
TYL-P
100
_a
Tyler;Varro.E
245
0
_a
Pharmacognosy
260
_c
2009
300
_a
520
650
_a
Pharmacy
_v
Pharmacognosy
942
_c
BK
999
_c
13136
_d
13136